Computer-aided E.C.G. monitoring and arrhythmia analysis /
محفوظ في:
| المؤلف الرئيسي: | |
|---|---|
| التنسيق: | أطروحة كتاب |
| اللغة: | English |
| منشور في: |
1989.
|
| الموضوعات: | |
| الوسوم: |
إضافة وسم
لا توجد وسوم, كن أول من يضع وسما على هذه التسجيلة!
|
| LEADER | 00814cam a2200241 a 4500 | ||
|---|---|---|---|
| 001 | u93644 | ||
| 003 | SIRSI | ||
| 008 | 910607s1989 si v 00 1 eng m | ||
| 035 | |a AAK-2278 | ||
| 040 | |a UMM | ||
| 090 | |a RC683.5 |b E5Hen | ||
| 100 | 1 | 0 | |a Heng, Guan Teck. |
| 245 | 1 | 0 | |a Computer-aided E.C.G. monitoring and arrhythmia analysis / |c by Heng Guan Teck. |
| 260 | 1 | |c 1989. | |
| 300 | |a xviii, 391 leaves : |b ill. ; |c 29 cm. | ||
| 500 | |a Photocopy. | ||
| 502 | |a Dissertation (M.Eng.) -- National University of Singapore, 1989. | ||
| 504 | |a Bibliography: leaves 210-215. | ||
| 650 | 0 | |a Electrocardiography |x Data processing. | |
| 650 | 0 | |a Arrhythmia |x Diagnosis. | |
| 948 | |a 13/08/1991 |b 05/09/2002 | ||
| 596 | |a 1 | ||
| 999 | |a RC683.5 E5HEN |w LC |c 1 |i A010896203 |d 18/9/2017 |e 18/9/2017 |l STACKS |m P01UTAMA |n 1 |r Y |s Y |t TESIS |u 23/4/1992 | ||
